Euroopan 10 väkirikkainta valtiota - Statistics

Yleistilastot
  • Tätä visaa on pelattu 1 745 kertaa
  • Keskiarvotulos 9 / 10
Vastaustilastot
Väkiluku Valtio % Oikein
67,5 milj. Ranska
99%
83,3 milj. Saksa
99%
47,5 milj. Espanja
98%
58,9 milj. Italia
98%
144 milj. Venäjä
98%
41,1 milj. Puola
96%
68,3 milj. Yhdistynyt kuningaskunta
96%
36,7 milj. Ukraina
93%
19,9 milj. Romania
83%
17,8 milj. Alankomaat
77%
Ehtoja vastaavia visoja ei löytynyt
Tulosjakauma
Jokaisen tuloksen saaneiden osuus
Persentiili vastausten määrän mukaan
Tuloshistoriasi
Et ole pelannut tätä visaa